000 00452nam a22001697a 4500
003 BD-ChCU
005 20251111113644.0
008 251111b bg ||||| |||| 00| 0 ben d
040 _cBD-ChCU
082 _a370 SME
100 _aSmith , W.O. Lester
_915948
245 _aEducation :
_ban introductory survey./
_cLester W.O. Smith
260 _aLondon :
_bPenguins books
_c1964
300 _a239p
650 0 _aEducation
_915951
942 _2ddc
_cBK
_n0
999 _c109329
_d109329